[Event "Ch SCG (team) (First League)"]
[Site "masterchessopen.com - Vrnjacka Banja (Serbia)"]
[Date "2005.10.20"]
[Round "4"]
[White "Tadic Branko (SRB)"]
[Black "Kovacevic Aleksandar (SRB)"]
[Result "1-0"]
[WhiteElo "2510"]
[BlackElo "2548"]

1.Nf3 c5 2.c4 Nc6 3.Nc3 e5 4.g3 g6 5.Bg2 Bg7 6.O-O d6 7.d3 Nge7 8.Ne1 Be6
9.Bg5 f6 10.Bd2 O-O 11.Nd5 Rb8 12.a3 b5 13.b4 a5 14.Nxe7+ Nxe7 15.cxb5 Rxb5
16.bxa5 Qc7 17.Nc2 Rbb8 18.a4 Bb3 19.Qc1 d5 20.Ra3 Qd7 21.Nb4 c4 22.e4 Rfc8
23.exd5 cxd3 24.Nc6 Bc2 25.Nxb8 Rxb8 26.Rc3 Bxa4 27.a6 Ra8 {#r} 1-0

[Event "Ch Ukraine (juniors) (under 18) (1/2 final)"]
[Site "masterchessopen.com - Dnepropetrovsk (Ukraine)"]
[Round "6"]
[White "Kosikov Andrey (UKR)"]
[Black "Pasko Alexander (UKR)"]
[Result "0-1"]
[WhiteElo "2132"]
[BlackElo "2406"]

1.c4 c5 2.Nc3 Nc6 3.g3 g6 4.Bg2 Bg7 5.Nf3 e5 6.d3 Nge7 7.h4 d5 8.h5 dxc4 9.h6
Bf8 10.Ng5 f6 11.Nge4 Ng8 12.Qa4 cxd3 13.Be3 Bd7 14.Qb3 Nd4 15.Bxd4 cxd4
16.Nd5 Qa5+ 17.Nd2 Bc6 18.O-O Rd8 19.Nxf6+ Nxf6 20.Qe6+ Be7 21.Nc4 Bd5 22.Qxe5
Qc5 23.b4 Qxc4 24.exd3 Qc6 25.Rfe1 Qd6 {#R} 0-1

[Event "It (open)"]
[Site "masterchessopen.com - Bad Zwesten (Germany)"]
[Round "6"]
[White "Schmidt Dietmar (GER)"]
[Black "Sohl Jan (GER)"]
[Result "0-1"]
[WhiteElo "1929"]
[BlackElo "2106"]

1.c4 g6 2.g3 Bg7 3.Bg2 c5 4.Nc3 Nc6 5.Nf3 e5 6.e4 Nge7 7.d3 O-O 8.Be3 d6 9.Qd2
f5 10.O-O Nd4 11.Ne1 Rb8 12.Bg5 Bf6 13.Be3 Be6 14.f4 Nec6 15.Nd5 Bg7 16.Nc2 b5
17.cxb5 Rxb5 18.Na3 Rb8 19.Nc4 Qd7 20.Rfe1 Nb4 21.Qc3 Bxd5 {#R} 0-1

[Event "Ch Netherlands (team) 2005/06"]
[Site "masterchessopen.com - Netherlands"]
[Date "2006.03.25"]
[Round "8"]
[White "Koster Ramon (NED)"]
[Black "Landa Konstantin (RUS)"]
[Result "0-1"]
[WhiteElo "2320"]
[BlackElo "2570"]

1.Nf3 c5 2.c4 Nc6 3.Nc3 e5 4.g3 g6 5.Bg2 Bg7 6.d3 d6 7.a3 a5 8.O-O Nge7 9.Rb1
O-O 10.Ne1 Be6 11.Nd5 Rb8 12.Nc2 b5 13.Bd2 a4 14.Nce3 Nd4 15.Nxe7+ Qxe7 16.Nd5
Qa7 17.cxb5 Rxb5 18.Bc3 Rb3 19.f4 Nf5 20.Qd2 c4+ 21.Kh1 Bxd5 22.Bxd5 Ne3
23.Bxc4 Qb7+ 24.Rf3 Nxc4 25.dxc4 Rxc3 {#R} 0-1

[Event "Ch India (w)"]
[Site "masterchessopen.com - Visakhapatnam (India)"]
[Date "2006.04.12"]
[Round "11"]
[White "Gomes Mary Ann (IND)"]
[Black "Alka Das (IND)"]
[Result "1-0"]
[WhiteElo "2264"]
[BlackElo "2031"]

1.c4 c5 2.Nf3 Nc6 3.Nc3 g6 4.g3 Bg7 5.Bg2 e5 6.O-O Nge7 7.d3 O-O 8.e4 d6 9.Nh4
f5 10.f4 Be6 11.Nd5 Nd4 12.fxe5 Bxe5 13.Bh6 Rf7 14.Bg5 Bxd5 15.cxd5 Qb6 16.Kh1
Raf8 17.Bxe7 Rxe7 18.exf5 gxf5 19.Rb1 Rg7 20.Qh5 f4 21.gxf4 Bxf4 22.Be4 h6
23.Ng6 {#r} 1-0

[Event "It (open)"]
[Site "masterchessopen.com - Southend (England)"]
[Date "2006.04.15"]
[Round "3"]
[White "Kelly Ian G (ENG)"]
[Black "Hamperl Fred (GCI)"]
[Result "1-0"]
[WhiteElo "2057"]
[BlackElo "2027"]

1.Nf3 c5 2.c4 Nc6 3.g3 e5 4.Nc3 g6 5.Bg2 Bg7 6.O-O Nge7 7.e3 O-O 8.d4 cxd4
9.exd4 exd4 10.Nb5 Qb6 11.Bf4 a6 12.Nc7 Ra7 13.Bd6 Rd8 14.b4 Nf5 15.Nd5 {#r}
1-0

[Event "Ch Thueringen"]
[Site "masterchessopen.com - Jena (Germany)"]
[Date "2006.04.17"]
[Round "9"]
[White "Goemann Jens (GER)"]
[Black "Paehtz Thomas Jr (GER)"]
[Result "0-1"]
[WhiteElo "2176"]
[BlackElo "2318"]

1.g3 c5 2.c4 Nc6 3.Bg2 g6 4.Nf3 Bg7 5.Nc3 e5 6.a3 a5 7.O-O d6 8.d3 Nge7 9.Ne1
Be6 10.Nd5 Rb8 11.Nc2 b5 12.Nce3 O-O 13.Rb1 f5 14.cxb5 Rxb5 15.Nxe7+ Nxe7
16.Nc4 d5 17.Nd2 e4 18.Qa4 Bd7 19.Qc2 Nc6 20.e3 Ne5 21.dxe4 fxe4 22.b3 Nd3
23.f3 Bh6 24.f4 Bg7 25.h3 Rb6 26.Rd1 Bb5 27.Bf1 g5 {#R} 0-1

[Event "It (open)"]
[Site "masterchessopen.com - Aviles (Spain)"]
[Date "2006.08.09"]
[Round "5"]
[White "Andrei Gheorghe (ROM)"]
[Black "Musaev Ruslan (RUS)"]
[Result "1-0"]
[WhiteElo "1777"]
[BlackElo "2140"]

1.c4 c5 2.Nc3 g6 3.g3 Bg7 4.Bg2 Nc6 5.Nf3 e5 6.e4 Nge7 7.d3 d6 8.Be3 Nd4 9.O-O
Bg4 10.Rc1 Nec6 11.h3 Nxf3+ 12.Bxf3 Bxh3 13.Bg2 Qd7 14.Kh2 Bxg2 15.Kxg2 Nd4
16.Bxd4 cxd4 17.Nd5 O-O 18.Rh1 f5 19.Qe2 Rf7 20.Rcf1 Raf8 21.exf5 Rxf5 22.b3
Qf7 23.Kg1 Rf3 24.Rh2 Qf5 25.Ne7+ {#r} 1-0

[Event "Memorial N.Aratovsky (open)"]
[Site "masterchessopen.com - Saratov (Russia)"]
[Date "2006.12.04"]
[Round "8"]
[White "Khromkin A (RUS)"]
[Black "Iljushin Alexei (RUS)"]
[Result "0-1"]
[WhiteElo "2336"]
[BlackElo "2491"]

1.c4 c5 2.Nf3 Nc6 3.Nc3 e5 4.g3 g6 5.Bg2 Bg7 6.d3 Nge7 7.h4 h5 8.O-O d6 9.Ne1
Be6 10.Nc2 d5 11.cxd5 Nxd5 12.Ne3 Nde7 13.Bd2 f5 14.Nc4 O-O 15.Bg5 Qd7 16.Na4
b6 17.Naxb6 axb6 18.Nxb6 Qa7 19.Nxa8 Rxa8 20.Bxe7 Nxe7 21.Bxa8 Qxa8 22.Qc1 f4
23.Qxc5 Nf5 24.Kh2 e4 25.dxe4 Qxe4 26.Rad1 Qxe2 27.Rfe1 fxg3+ {#R} 0-1

[Event "It (open)"]
[Site "masterchessopen.com - Calvi (France)"]
[Round "1"]
[White "Barakoff Annie"]
[Black "Hrabinska Myroslava (UKR)"]
[Result "0-1"]
[WhiteElo "1740"]
[BlackElo "2263"]

1.c4 c5 2.Nc3 Nc6 3.Nf3 g6 4.g3 Bg7 5.Bg2 e5 6.d3 Nge7 7.O-O O-O 8.a3 d6 9.Rb1
a5 10.Bd2 f5 11.e4 f4 12.gxf4 Bg4 13.Ne2 Qd7 14.Bc3 Bh6 15.f5 gxf5 16.Ng3 fxe4
17.Nxe4 Ng6 18.h3 Bxh3 19.Nfg5 Bxg2 20.Kxg2 Nf4+ 21.Kh2 Bxg5 22.Nxg5 h6 23.Rg1
hxg5 24.Rxg5+ Kf7 25.Rg3 Rh8+ 26.Kg1 Rag8 {#R} 0-1

[Event "Ch NSW"]
[Site "masterchessopen.com - Krefeld (Germany)"]
[Date "2007.04.04"]
[Round "6"]
[White "Meinert Tomasz (POL)"]
[Black "Schmoll Heinz (GER)"]
[Result "0-1"]
[WhiteElo "2159"]
[BlackElo "2129"]

1.c4 c5 2.Nc3 Nc6 3.Nf3 e5 4.g3 g6 5.Bg2 Bg7 6.O-O Nge7 7.d3 d6 8.Bg5 h6 9.Bd2
O-O 10.e4 Be6 11.Be3 Qd7 12.Qd2 Kh7 13.Ne1 f5 14.f4 b6 15.Nd5 Rae8 16.Rb1 Nd4
17.Nc2 fxe4 18.Bxe4 Nxd5 19.cxd5 Bh3 20.Rf2 exf4 21.Bxf4 Nxc2 22.Qxc2 Bd4
23.Qd2 Bxf2+ 24.Qxf2 Rxe4 25.dxe4 g5 26.e5 dxe5 {#R} 0-1

[Event "Tournament (open)"]
[Site "masterchessopen.com - Chotowa (Poland)"]
[Date "2007.05.30"]
[Round "7"]
[White "Czaja Jacek (POL)"]
[Black "Gigon Stanislaw (POL)"]
[Result "1-0"]
[WhiteElo "1836"]
[BlackElo "1997"]

1.c4 c5 2.Nf3 Nc6 3.Nc3 e5 4.g3 g6 5.Bg2 Bg7 6.O-O Nge7 7.Ne1 d6 8.Nc2 O-O
9.Ne3 Be6 10.a3 Rb8 11.Rb1 a5 12.d3 Nd4 13.b4 b6 14.Ned5 Bxd5 15.Nxd5 h6
16.Bd2 axb4 17.axb4 Kh7 18.e3 Ne6 19.bxc5 Nxd5 20.cxd5 Nxc5 21.Bc3 Ra8 22.d4
exd4 23.Bxd4 Bxd4 24.Qxd4 Qc7 25.Rfc1 Ra4 26.Qxa4 Rb8 27.Qc6 {#r} 1-0

[Event "It (open)"]
[Site "masterchessopen.com - Teplice (Czech Republic)"]
[Date "2007.06.16"]
[Round "1"]
[White "Hruby Vaclav (CZE)"]
[Black "Tazbir Marcin (POL)"]
[Result "0-1"]
[WhiteElo "1856"]
[BlackElo "2464"]

1.Nf3 c5 2.c4 g6 3.g3 Bg7 4.Bg2 Nc6 5.Nc3 e5 6.e4 Nge7 7.O-O d6 8.d3 O-O 9.Be3
Nd4 10.h3 f5 11.Kh2 f4 12.gxf4 Nxf3+ 13.Bxf3 exf4 14.Bd2 Be5 15.Na4 Nc6 16.Bc3
Qh4 17.Bg4 f3+ {#R} 0-1

[Event "It (open)"]
[Site "masterchessopen.com - Teplice (Czech Republic)"]
[Date "2007.06.17"]
[Round "2"]
[White "Dusbaba Karel (CZE)"]
[Black "Spirin Oleg (RUS)"]
[Result "0-1"]
[WhiteElo "2072"]
[BlackElo "2404"]

1.c4 c5 2.Nf3 Nc6 3.g3 e5 4.Nc3 g6 5.Bg2 Bg7 6.d3 d6 7.Bd2 Nge7 8.Qc1 h6 9.Rb1
Be6 10.a3 a5 11.e4 g5 12.h3 f5 13.Nd5 f4 14.b4 axb4 15.axb4 b6 16.bxc5 bxc5
17.Rb7 Bc8 18.Rb3 Nxd5 19.cxd5 Ne7 20.Bc3 O-O 21.g4 Ng6 22.O-O Rf7 23.Nd2 f3
24.Nxf3 Nf4 25.Bd2 Ne2+ {#R} 0-1

[Event "Ch Spain (juniors) (under 16)"]
[Site "masterchessopen.com - Linares (Spain)"]
[Date "2007.07.22"]
[Round "1"]
[White "Moreno Sanchez Alberto (ESP)"]
[Black "Alonso Rosell Alvar (ESP)"]
[Result "0-1"]
[WhiteElo "1880"]
[BlackElo "2343"]

1.c4 c5 2.Nc3 Nc6 3.g3 g6 4.Bg2 Bg7 5.Nf3 e5 6.h4 h5 7.d3 d6 8.a3 Nge7 9.Bg5
f6 10.Bd2 O-O 11.Qc1 Be6 12.Bh6 b6 13.Bxg7 Kxg7 14.Rb1 d5 15.cxd5 Nxd5 16.Nxd5
Bxd5 17.b4 Rc8 18.bxc5 Bxf3 19.Bxf3 Nd4 20.Bb7 Rxc5 21.Qd1 Qc7 22.Ba6 b5 23.a4
Qa5+ {#R} 0-1

[Event "Ch Austria"]
[Site "masterchessopen.com - Tweng (Austria)"]
[Round "9"]
[White "Baumegger Siegfried (AUT)"]
[Black "Schroll Gerhard (AUT)"]
[Result "1-0"]
[WhiteElo "2443"]
[BlackElo "2409"]

1.c4 c5 2.Nf3 Nc6 3.Nc3 e5 4.g3 g6 5.Bg2 Bg7 6.O-O Nge7 7.a3 O-O 8.b4 f5
9.bxc5 e4 10.Ng5 Qa5 11.Bb2 h6 12.Nh3 g5 13.Rb1 Qxc5 14.d3 Bxc3 15.Bxc3 d5
16.Rb5 Qxa3 17.Bb2 Qa2 18.Qd2 a6 19.Rb6 {#r} 1-0

[Event "Ch Kuban Region"]
[Site "masterchessopen.com - Eisk (Russia)"]
[Date "2007.10.21"]
[Round "6"]
[White "Bezulenko Evgeny (RUS)"]
[Black "Karabakhsjan Adroniks (RUS)"]
[Result "0-1"]
[WhiteElo "1917"]
[BlackElo "2280"]

1.g3 c5 2.Bg2 Nc6 3.c4 g6 4.Nc3 Bg7 5.Nf3 e5 6.d3 Nge7 7.O-O O-O 8.Ng5 h6
9.Nge4 d6 10.Nb5 Nf5 11.g4 Nh4 12.h3 Nxg2 13.Kxg2 f5 14.gxf5 gxf5 15.Nexd6 a6
16.Qa4 axb5 17.Qxa8 Qxd6 18.Qa3 b4 19.Qb3 Qg6+ 20.Kh2 f4 21.Rh1 f3 22.Rg1 Qh5
23.Rg3 Nd4 24.Qd1 fxe2 25.Qh1 Nf3+ 26.Rxf3 Rxf3 {#R} 0-1

[Event "Ch City (w)"]
[Site "masterchessopen.com - Saratov (Russia)"]
[Date "2007.11.21"]
[Round "8"]
[White "Ekhaeva Polina (RUS)"]
[Black "Terekhina Nataliya (RUS)"]
[Result "1-0"]
[WhiteElo "2045"]
[BlackElo "1843"]

1.c4 c5 2.Nc3 Nc6 3.g3 g6 4.Bg2 Bg7 5.Nf3 e5 6.O-O Nge7 7.d3 d6 8.a3 O-O 9.Rb1
a5 10.Bd2 f5 11.e3 Kh8 12.Ng5 Bd7 13.f4 exf4 14.exf4 Rb8 15.Nb5 Bc8 16.Qe1 d5
17.Bc3 d4 18.Bd2 Rf6 19.Rf2 b6 20.Re2 h6 21.Bxc6 {#r} 1-0

[Event "Ch City (seniors)"]
[Site "masterchessopen.com - Voronezh (Russia)"]
[Date "2007.11.26"]
[Round "7"]
[White "Khripunov Alexander (RUS)"]
[Black "Shishkin Alexander (RUS)"]
[Result "0-1"]
[WhiteElo "1986"]
[BlackElo "2055"]

1.c4 c5 2.g3 Nc6 3.Bg2 g6 4.Nf3 Bg7 5.Nc3 e5 6.d3 Nge7 7.O-O O-O 8.e4 d6 9.h3
a6 10.a3 h6 11.Rb1 a5 12.Nb5 Be6 13.Bd2 f5 14.Qc1 Kh7 15.Kh2 Qd7 16.Ng1 f4
17.Qe1 h5 18.Nc3 Nd4 19.Nd5 Bxd5 20.cxd5 Qb5 21.h4 b6 22.Nh3 Qxd3 23.Rd1 Nc2
24.Bc3 Nxe1 25.Rxd3 Nxd3 {#R} 0-1

[Event "Cup Rilton"]
[Site "masterchessopen.com - Stockholm (Sweden)"]
[Date "2007.12.30"]
[Round "4"]
[White "Niemi Mikko (FIN)"]
[Black "Hedman Erik (SWE)"]
[Result "1-0"]
[WhiteElo "2188"]
[BlackElo "2396"]

1.c4 c5 2.g3 Nc6 3.Bg2 g6 4.Nc3 Bg7 5.Nf3 e5 6.a3 d6 7.O-O Nge7 8.b4 e4 9.Ng5
f5 10.Rb1 O-O 11.Ngxe4 fxe4 12.Nxe4 cxb4 13.axb4 d5 14.cxd5 Nxd5 15.b5 Na5
16.Ba3 Nc4 17.Bxf8 Kxf8 18.Qb3 Ncb6 19.Nc5 Bd4 20.Rbc1 Qd6 21.Ne4 Qe7 22.e3
Bg7 23.Nc5 Qf7 24.d4 {#r} 1-0

[Event "It (open)"]
[Site "masterchessopen.com - Blackpool (England)"]
[Date "2008.03.08"]
[Round "2"]
[White "Cox Tristan (ENG)"]
[Black "Mason Donald (ENG)"]
[Result "0-1"]
[WhiteElo "2133"]
[BlackElo "2245"]

1.Nf3 c5 2.c4 Nc6 3.Nc3 e5 4.g3 g6 5.Bg2 Bg7 6.O-O d6 7.d3 Nge7 8.Ne1 Be6
9.Nd5 O-O 10.Nc2 Rb8 11.b3 Qd7 12.Re1 Bh3 13.Bh1 Nxd5 14.cxd5 Ne7 15.a4 f5
16.f4 exf4 17.Bxf4 g5 18.Bxg5 f4 19.e4 Bxa1 20.Qxa1 Qg4 21.Bxe7 fxg3 22.Bf6 g2
23.Ne3 gxh1=Q+ 24.Kxh1 Qf3+ 25.Kg1 Rxf6 26.Nf5 {#R} 0-1

[Event "Ch Poland (juniors) (under 12)"]
[Site "masterchessopen.com - Ustron (Poland)"]
[Date "2008.03.10"]
[Round "4"]
[White "Brzechffa Szymon (POL)"]
[Black "Wozniak Bartosz (POL)"]
[Result "0-1"]
[WhiteElo "1615"]
[BlackElo "1779"]

1.c4 c5 2.Nc3 Nc6 3.g3 g6 4.Bg2 Bg7 5.Nf3 e5 6.d3 d6 7.O-O Nge7 8.e3 O-O 9.Re1
Be6 10.Qc2 f5 11.Ng5 Bd7 12.Nd5 e4 13.Nxe7+ Qxe7 14.Nh3 Nb4 15.Qb3 Nxd3 16.Rd1
a6 17.Bf1 Ne5 18.Bg2 Be6 19.Bf1 b5 20.Qc2 bxc4 21.Nf4 Nd3 22.Nxd3 exd3 23.Qa4
Bd5 24.Bg2 Bxg2 25.Kxg2 d5 26.Rb1 Rfb8 27.Kg1 Qc7 {#R} 0-1

[Event "It (open)"]
[Site "masterchessopen.com - Kuala Lumpur (Malaysia)"]
[Date "2008.08.22"]
[Round "7"]
[White "Gibbons Robert (NZL)"]
[Black "Stojic Dusan (AUS)"]
[Result "0-1"]
[WhiteElo "2067"]
[BlackElo "2171"]

1.Nf3 c5 2.c4 Nc6 3.Nc3 g6 4.g3 Bg7 5.Bg2 e5 6.e4 Nge7 7.O-O O-O 8.d3 d6 9.Ne1
a6 10.Rb1 Rb8 11.a4 Nd4 12.Be3 f5 13.Bg5 Bf6 14.Bxf6 Rxf6 15.exf5 Bxf5 16.Nc2
Nxc2 17.Qxc2 Nc6 18.Bd5+ Kg7 19.Ne4 Nd4 20.Qd2 Nf3+ {#R} 0-1

[Event "Czech League 2008/09 (2nd) (e)"]
[Site "masterchessopen.com - Czech Republic"]
[Date "2008.10.12"]
[Round "1"]
[White "Mayer Josef (CZE)"]
[Black "Sudrich Radek (CZE)"]
[Result "1-0"]
[WhiteElo "2102"]
[BlackElo "2123"]

1.c4 c5 2.Nc3 Nc6 3.g3 g6 4.Bg2 Bg7 5.Nf3 e5 6.O-O Nge7 7.a3 O-O 8.Ne1 d6
9.Nc2 Be6 10.Ne3 Qd7 11.Rb1 f5 12.b4 Rae8 13.Ned5 e4 14.d3 Nxd5 15.Nxd5 Ne5
16.dxe4 Nxc4 17.bxc5 dxc5 18.exf5 Bxf5 19.Rxb7 Qd8 20.Rxa7 Be4 21.Rd7 Qb8
22.Ne7+ {#r} 1-0

[Event "Ch Ukraine (juniors) (under 16) (1/2 final) (g)"]
[Site "masterchessopen.com - Nikolaev (Ukraine)"]
[Round "8"]
[White "Petrova Irina (UKR)"]
[Black "Bogdan Darya (UKR)"]
[Result "1-0"]
[WhiteElo "1992"]
[BlackElo "1929"]

1.c4 c5 2.Nf3 Nc6 3.g3 g6 4.Bg2 Bg7 5.Nc3 e5 6.d3 Nge7 7.Nd5 O-O 8.h4 h5 9.Ng5
d6 10.Bd2 Nxd5 11.cxd5 Ne7 12.e4 Kh8 13.f3 Ng8 14.g4 Nf6 15.Qe2 Bd7 16.Bh3 Qc8
17.Rg1 a6 18.Qh2 Kg8 19.gxh5 Nxh5 20.Bg4 Nf6 21.h5 Bxg4 22.fxg4 Re8 23.hxg6
fxg6 24.Ne6 Qc7 25.Bg5 Nh7 26.Rh1 Nxg5 27.Nxg5 {#r} 1-0

[Event "It (open)"]
[Site "masterchessopen.com - Obrenovac (Serbia)"]
[Date "2008.11.27"]
[Round "1"]
[White "Stamenkovic Aleksandar (SRB)"]
[Black "Vucinic Gojko (SRB)"]
[Result "0-1"]
[WhiteElo "2283"]
[BlackElo "1920"]

1.Nf3 c5 2.c4 Nc6 3.Nc3 e5 4.g3 g6 5.Bg2 Bg7 6.O-O Nge7 7.Ne1 O-O 8.Nc2 Rb8
9.a3 a5 10.d3 d6 {#R} 0-1

[Event "It (open)"]
[Site "masterchessopen.com - Zurich (Switzerland)"]
[Date "2008.12.26"]
[Round "1"]
[White "Knoedler Dieter (GER)"]
[Black "Sand Rolf Dr (GER)"]
[Result "1-0"]
[WhiteElo "2386"]
[BlackElo "2098"]

1.c4 c5 2.g3 Nc6 3.Bg2 g6 4.Nc3 Bg7 5.Nf3 e5 6.d3 Nge7 7.Bg5 f6 8.Bd2 O-O
9.O-O d6 10.Ne1 Be6 11.Nd5 Qd7 12.a3 Rab8 13.b4 b5 14.bxc5 bxc4 15.dxc4 dxc5
16.Nd3 Qd6 17.Nxe7+ Nxe7 18.Be3 Bxc4 19.Bxc5 Qc7 20.Rc1 Bb3 21.Bb4 Bxd1
22.Rxc7 Bxe2 23.Bxe7 Rfc8 24.Rxc8+ Rxc8 25.Rc1 {#r} 1-0

[Event "Ch Romania"]
[Site "masterchessopen.com - Eforie Nord (Romania)"]
[Date "2009.02.05"]
[Round "6"]
[White "Budur Costel"]
[Black "Anton Teodor (ROM)"]
[Result "0-1"]
[WhiteElo "2075"]
[BlackElo "2350"]

1.c4 c5 2.Nc3 Nc6 3.Nf3 g6 4.g3 Bg7 5.Bg2 e5 6.d3 Nge7 7.Bg5 f6 8.Bd2 d6 9.Qc1
O-O 10.e4 Nd4 11.Nxd4 cxd4 12.Ne2 Be6 13.h4 Rc8 14.Qd1 Qd7 15.h5 f5 16.hxg6
hxg6 17.exf5 Nxf5 18.Qb3 Ne7 19.Rc1 d5 20.Ng1 e4 21.c5 e3 22.fxe3 dxe3 23.Bb4
d4 24.Qd1 Rf2 25.Rc2 Qa4 {#R} 0-1

[Event "Ch Romania (w)"]
[Site "masterchessopen.com - Eforie Nord (Romania)"]
[Date "2009.02.07"]
[Round "8"]
[White "Marin Irina Luiza (ROM)"]
[Black "Lolici Iselin-Amanda (ROM)"]
[Result "1-0"]
[WhiteElo "2150"]
[BlackElo "1884"]

1.c4 c5 2.g3 g6 3.Bg2 Bg7 4.Nc3 Nc6 5.Nf3 e5 6.O-O Nge7 7.a3 Rb8 8.Rb1 a6 9.b4
cxb4 10.axb4 b5 11.c5 d6 12.d4 exd4 13.Ne4 dxc5 14.Bf4 Nd5 15.Bxb8 Ncxb4
16.Nd6+ Kf8 17.Nxc8 Nc3 18.Bd6+ Ke8 19.Qd2 Qxc8 20.Rxb4 cxb4 21.Re1 Qc4 22.Ne5
Bxe5 23.Bxe5 Rf8 24.Bd6 Rg8 25.Qg5 Kd7 26.Qe7+ Kc8 27.Bb7# 1-0

[Event "It (cat.4)"]
[Site "masterchessopen.com - Curitiba (Brazil)"]
[Date "2009.02.08"]
[Round "9"]
[White "Choma Ernani Francisco (BRA)"]
[Black "Jabbar Toyfeeq (IRQ)"]
[Result "1-0"]
[WhiteElo "2298"]
[BlackElo "2195"]

1.Nf3 c5 2.c4 g6 3.g3 Nc6 4.Bg2 Bg7 5.Nc3 e5 6.O-O Nge7 7.d3 O-O 8.a3 d6 9.Bd2
a5 10.Rb1 Rb8 11.Qc1 f6 12.Nd5 b5 13.Nxe7+ Nxe7 14.cxb5 Rxb5 15.Qc4+ {#r} 1-0

[Event "It (open)"]
[Site "masterchessopen.com - Chojnice (Poland)"]
[Date "2009.07.12"]
[Round "2"]
[White "Szczepaniec Stanislaw (POL)"]
[Black "Ksieski Zbigniew (POL)"]
[Result "0-1"]
[WhiteElo "2149"]
[BlackElo "2365"]

1.c4 c5 2.Nc3 Nc6 3.g3 g6 4.Bg2 Bg7 5.Nf3 e5 6.O-O Nge7 7.a3 a5 8.Ne1 O-O
9.Nc2 d6 10.Rb1 Be6 11.Ne3 f5 12.Ned5 Bf7 13.d3 Nxd5 14.Bxd5 Rb8 15.e4 Qd7
16.Qa4 f4 17.Kh1 Qh3 18.Rg1 fxg3 19.fxg3 Bxd5 20.Be3 Be6 21.Nb5 Bg4 {#R} 0-1

[Event "It (open)"]
[Site "masterchessopen.com - Cullera (Spain)"]
[Date "2009.07.24"]
[Round "4"]
[White "Moreto Quintana Alex (ESP)"]
[Black "Galvan Jesus (PER)"]
[Result "1-0"]
[WhiteElo "2077"]
[BlackElo "2247"]

1.Nf3 c5 2.c4 Nc6 3.Nc3 e5 4.g3 g6 5.Bg2 Bg7 6.O-O Nge7 7.a3 d6 8.Rb1 O-O 9.d3
h6 10.b4 Rb8 11.Ne1 b6 12.Nc2 Be6 13.Ne3 Qd7 14.Ned5 Kh7 15.Qa4 Rbd8 16.Bd2
Nd4 17.Nxe7 {#r} 1-0

[Event "Cup Independence (open)"]
[Site "masterchessopen.com - Kiev (Ukraine)"]
[Date "2009.08.18"]
[Round "6"]
[White "Julin Alexei (UKR)"]
[Black "Bidkova Viktoria (UKR)"]
[Result "1-0"]
[WhiteElo "2220"]
[BlackElo "2041"]

1.c4 c5 2.Nc3 Nc6 3.g3 g6 4.Bg2 Bg7 5.Nf3 e5 6.d3 Nge7 7.O-O O-O 8.e3 d6 9.Nd5
Rb8 10.a4 f5 11.Ne1 g5 12.Qh5 h6 13.f4 gxf4 14.gxf4 Be6 15.e4 fxe4 16.dxe4 Bf7
17.Qh3 Nd4 18.fxe5 Ne2+ 19.Kh1 Nxc1 20.Rxc1 Nxd5 21.cxd5 Bxe5 22.Qxh6 Bxb2
23.Bh3 Bg7 24.Rg1 {#r} 1-0

[Event "Ch City (open)"]
[Site "masterchessopen.com - Warsaw (Poland)"]
[Round "2"]
[White "Kaliszewski Tomasz (POL)"]
[Black "Nguyen Piotr (POL)"]
[Result "0-1"]
[WhiteElo "2082"]
[BlackElo "2368"]

1.Nf3 g6 2.c4 Bg7 3.Nc3 c5 4.g3 Nc6 5.Bg2 e5 6.d3 Nge7 7.e4 d6 8.h3 O-O 9.O-O
h6 10.a3 f5 11.b4 cxb4 12.axb4 Nxb4 13.Qb3 Nxd3 14.c5+ d5 15.exd5 Kh7 16.Ba3
e4 17.d6 Nc6 18.Rfd1 exf3 19.Rxd3 fxg2 20.d7 Bxd7 21.Rad1 Ne5 22.Rxd7 Nxd7
23.c6 Qb6 24.Qxb6 Nxb6 25.cxb7 Bxc3 {#R} 0-1

[Event "Ch World (juniors) (under 14) (g)"]
[Site "masterchessopen.com - Kemer (Turkey)"]
[Date "2009.11.20"]
[Round "9"]
[White "Durmaz Ayca Fatma (TUR)"]
[Black "Real Pereyra Diana Karime (MEX)"]
[Result "0-1"]
[WhiteElo "1883"]
[BlackElo "1910"]

1.c4 c5 2.g3 g6 3.Bg2 Bg7 4.Nc3 Nc6 5.Nf3 e5 6.O-O Nge7 7.a3 d6 8.Rb1 b6 9.b4
Rb8 10.d3 O-O 11.Bd2 h6 12.Na2 f5 13.e3 g5 14.b5 Na5 15.Bxa5 bxa5 16.d4 g4
17.Ne1 exd4 18.exd4 Bxd4 19.Nc2 Bg7 20.Rb3 f4 21.Qd2 f3 22.Bh1 Nf5 23.Nc3 Be6
24.Nd5 Bd4 25.Qd3 Be5 {#R} 0-1

[Event "Ch Australia"]
[Site "masterchessopen.com - Sydney (Australia)"]
[Date "2010.01.10"]
[Round "8"]
[White "Bird Andrew (AUS)"]
[Black "Rej Tomek (AUS)"]
[Result "0-1"]
[WhiteElo "2178"]
[BlackElo "2340"]

1.Nf3 c5 2.c4 Nc6 3.Nc3 e5 4.g3 g6 5.Bg2 Bg7 6.d3 d6 7.Nd2 Nge7 8.Nf1 O-O
9.Ne3 f5 10.Ned5 Nxd5 11.Nxd5 f4 12.O-O Nd4 13.Be4 Bf5 14.e3 fxg3 15.hxg3 Bxe4
16.dxe4 Nf3+ 17.Kg2 Qd7 18.Rh1 Rf7 19.Nc3 Raf8 20.Qd5 Kh8 21.Nb5 Ne1+ 22.Kf1
Rxf2+ 23.Kxe1 Qg4 24.Qd3 Qxg3 25.Kd1 Qf3+ {#R} 0-1

[Event "NRW-liga 2009/10"]
[Site "masterchessopen.com - Germany"]
[Date "2010.03.21"]
[Round "8"]
[White "Biedekoepper Robert (GER)"]
[Black "Loehrke Michael"]
[Result "1-0"]
[WhiteElo "2112"]
[BlackElo "1746"]

1.c4 c5 2.Nf3 Nc6 3.Nc3 e5 4.g3 g6 5.Bg2 Bg7 6.O-O d6 7.d3 Nge7 8.Rb1 O-O 9.a3
a5 10.Bd2 f5 11.Nd5 Be6 12.Ng5 Bxd5 13.cxd5 Nd4 14.e3 h6 15.exd4 hxg5 16.Bxg5
cxd4 17.Rc1 Bf6 18.Bxf6 Rxf6 19.f4 Qb6 20.Qe2 e4 21.dxe4 fxe4 22.Qxe4 Nf5
23.g4 Ne3 24.g5 d3 25.gxf6 {#r} 1-0

[Event "It (open)"]
[Site "masterchessopen.com - Bargteheide (Germany)"]
[Date "2010.05.14"]
[Round "3"]
[White "Jugelt Tobias (GER)"]
[Black "Maahs Erich (GER)"]
[Result "1-0"]
[WhiteElo "2409"]
[BlackElo "2124"]

1.c4 e5 2.g3 c5 3.Bg2 Nc6 4.Nc3 g6 5.Nf3 Bg7 6.O-O Nge7 7.Ne1 d6 8.Nc2 Be6
9.Ne3 O-O 10.Ned5 Rb8 11.d3 a6 12.Bd2 b5 13.Qc1 b4 14.Nd1 Nxd5 15.cxd5 Nd4
16.Re1 Bg4 17.f3 Bd7 18.e3 Nf5 19.b3 e4 20.dxe4 Bxa1 21.Qxa1 Ng7 22.Nf2 a5
23.e5 dxe5 24.Qxe5 Nf5 25.Ne4 Qb6 26.Nf6+ {#r} 1-0